000 03414nam0a2200397 4500
001 RU\NLR\bibl\1018230
005 20260405082126.0
021 _aRU
_b2006-63333
_93157
035 _a(nilc)RSL-KNO-002956900
035 _a(NLR Aleph) 001005782
090 _a607187
_c607187
100 _a20061010d2006 |||y0rusy50 ca
101 0 _arus
102 _aRU
105 _aa zzzz|||||
106 _ar
200 1 _aКомплексная лучевая диагностика в оценке состояния желчных путей до и после эндохирургических вмешательств
_eучеб. пособие для системы послевузовского проф. образования врачей
_fА. Ю. Васильев, А.И. Громов, Д.А. Лежнев, Н.С. Серова
_gМ-во здравоохранения и социального развития Российской Федерации, Федеральное гос. образовательное учреждение "Всероссийский учеб.-науч.-методический центр по непрерывному мед. и фармацевтическому образованию Федерального агентства по здравоохранению и социальному развитию", Гос. образовательное учреждение высш. проф. образования Московский гос. медико-стоматологический ун-т Росздрава, Каф. лучевой диагностики
210 _aМосква
_cФГОУ "ВУНМЦ Росздрава"
_d2006
215 _a30, [1] с.
_cил.
_d21
300 _aНа обороте тит.лд. авт.: чл.-корр. РАМН, проф. А.Ю. Васильев, д.м.н., проф. А.И. Горомов, доц., к.м.н. Д.А. Лежнев, Н.С. Серова
320 _aБиблиогр. в конце кн.
606 1 _aЖелчные пути
_jУчебные издания для последипломного образования
_xБолезни
_xЛучевая диагностика
_92451796
_3RU\NLR\auth\661457699
606 1 _aЖелчные пути
_jУчебные издания для последипломного образования
_xБолезни
_xЭндохирургия
_92451799
_3RU\NLR\auth\661457700
610 0 _aЗдравоохранение. Медицинские науки -- Хирургия -- Абдоминальная хирургия -- Операции на желчном пузыре и желчных путях -- Эндоскопические операции -- Пособие для повышения квалификации
686 _aР457.445.52-890я77
_2rubbk
686 _aР457.465.352-436я77
701 1 _4070
_8rus
_7ca
_aВасильев
_bА. Ю.
_cд-р мед. наук, рентгенология
_f1962-
_gАлександр Юрьевич
_3RU\NLR\auth\7728883
_911912
701 1 _aГромов
_bА. И.
_4070
701 1 _aЛежнев
_bД. А.
_4070
701 1 _4070
_7ca
_8rus
_aСерова
_bН. С.
_cд-р мед. наук
_gНаталья Сергеевна
_943704
_3RU\NLR\auth\7760774
801 0 _aRU
_bРКП
_c20061010
_grcr
801 1 _aRU
_bРГБ
_c20061010
801 2 _aRU
_bNLR
_c20061207
_grcr
942 _cBOOK
980 _aNB